LEADER 02697nam 2200661 a 450 001 9910141263903321 005 20170814172140.0 010 $a0-470-66182-8 010 $a1-119-20920-X 010 $a1-280-69942-6 010 $a9786613676405 010 $a0-470-66246-8 035 $a(CKB)2670000000205412 035 $a(EBL)939512 035 $a(OCoLC)777002315 035 $a(SSID)ssj0000692048 035 $a(PQKBManifestationID)12244368 035 $a(PQKBTitleCode)TC0000692048 035 $a(PQKBWorkID)10635262 035 $a(PQKB)10796927 035 $a(PQKBManifestationID)16034612 035 $a(PQKB)24066139 035 $a(MiAaPQ)EBC939512 035 $a(DLC) 2012006623 035 $a(EXLCZ)992670000000205412 100 $a20120214d2012 uy 0 101 0 $aeng 135 $aur|n|---||||| 181 $ctxt 182 $cc 183 $acr 200 14$aThe online trading cookbook$b[electronic resource] /$fAlpesh B. Patel, Paresh H. Kiri 210 $aChichester, West Sussex, U.K. $cWiley$d2012 215 $a1 online resource (257 p.) 225 1 $aWiley trading series 300 $aDescription based upon print version of record. 311 $a0-470-68445-3 320 $aIncludes bibliographical references and index. 327 $apt. 1. Aperitif -- pt. 2. Hors d'oeuvres -- pt. 3. Amuse-bouche -- pt. 4. Entremet -- pt. 5. Entree -- pt. 6. Main -- pt. 7. Dessert -- pt. 8. Pantry. 330 $a The Online Trading Cookbook is a unique resource for busy online traders of all levels, addressing the need amongst the growing number of those trading and investing from home for solid, low risk trading strategies which they can incorporate into a busy lifestyle. Suitable for all levels of retail trader and is supplemented by useful advice on the best trading tools, websites and brokers, the different markets available to trade, tips on risk and money management. The book is divided into sections based on levels of complexity and contains specific strategies used by profitable 410 0$aWiley trading series. 606 $aElectronic trading of securities 606 $aInvestments$xComputer network resources 608 $aElectronic books. 615 0$aElectronic trading of securities. 615 0$aInvestments$xComputer network resources. 676 $a332.602854678 676 $a332.640285/4678 676 $a332.6402854678 700 $aPatel$b Alpesh B$0855549 701 $aKiri$b Paresh$0855550 801 0$bMiAaPQ 801 1$bMiAaPQ 801 2$bMiAaPQ 906 $aBOOK 912 $a9910141263903321 996 $aThe online trading cookbook$91909993 997 $aUNINA LEADER 02215nam 2200541 a 450 001 9910830381003321 005 20230725030559.0 010 $a3-527-63224-7 010 $a1-282-85997-8 010 $a9786612859977 010 $a3-527-63146-1 010 $a3-527-63147-X 035 $a(CKB)2670000000068457 035 $a(EBL)602640 035 $a(OCoLC)701308700 035 $a(SSID)ssj0000433227 035 $a(PQKBManifestationID)11267595 035 $a(PQKBTitleCode)TC0000433227 035 $a(PQKBWorkID)10390142 035 $a(PQKB)10950487 035 $a(MiAaPQ)EBC602640 035 $a(EXLCZ)992670000000068457 100 $a20110609d2011 uy 0 101 0 $aeng 135 $aur|n|---||||| 181 $ctxt 182 $cc 183 $acr 200 10$aAnomalous effects in simple metals$b[electronic resource] /$fAlbert Overhauser 210 $aWeinheim [Germany] $cWiley-VCH$d2011 215 $a1 online resource (708 p.) 300 $aDescription based upon print version of record. 311 $a3-527-40859-2 327 $apt. 1. Introduction and overview -- pt. 2. Reprints of SDW or CDW phenomena in simple metals -- pt. 3. Thirty unexpected phenomena exhibited by metallic potassium. 330 $aUsing potassium as an example, this work presents a unique approach to the anomalous effects in metals, resulting in knowledge that can be applied to similar materials. Most theoretical predictions on the electric, magnetic, optical, and thermal properties of a simple metal do ? surprisingly ? not agree with experimental behavior found in alkali metals. The purpose of this volume is to document the many phenomena that have violated expectations. It collects in one place the research by Albert Overhauser, one of the pioneers of the field. His and his collaborators work has led to a unified 606 $aMetals 606 $aPotassium 615 0$aMetals. 615 0$aPotassium. 676 $a546.383 700 $aOverhauser$b Albert$01628171 801 0$bMiAaPQ 801 1$bMiAaPQ 801 2$bMiAaPQ 906 $aBOOK 912 $a9910830381003321 996 $aAnomalous effects in simple metals$93965132 997 $aUNINA